MARC details
| 000 -LEADER |
| fixed length control field |
03110cam a22004335i 4500 |
| 001 - CONTROL NUMBER |
| control field |
17562210 |
| 003 - CONTROL NUMBER IDENTIFIER |
| control field |
EG-ScBUE |
| 005 - DATE AND TIME OF LATEST TRANSACTION |
| control field |
20200308104213.0 |
| 008 - FIXED-LENGTH DATA ELEMENTS--GENERAL INFORMATION |
| fixed length control field |
121213s2012 ua abe f b 001 0 eng d |
| 020 ## - INTERNATIONAL STANDARD BOOK NUMBER |
| International Standard Book Number |
9789774165535 (pbk.) |
| 020 ## - INTERNATIONAL STANDARD BOOK NUMBER |
| International Standard Book Number |
9774165535 |
| 035 ## - SYSTEM CONTROL NUMBER |
| System control number |
(OCoLC)ocn795130064 |
| 040 ## - CATALOGING SOURCE |
| Original cataloging agency |
WRM |
| Language of cataloging |
eng |
| Description conventions |
rda |
| Transcribing agency |
WRM |
| Modifying agency |
WRM |
| -- |
YDXCP |
| -- |
BDX |
| -- |
CDX |
| -- |
DLC |
| -- |
EG-ScBUE |
| 043 ## - GEOGRAPHIC AREA CODE |
| Geographic area code |
f-ua--- |
| 082 04 - DEWEY DECIMAL CLASSIFICATION NUMBER |
| Classification number |
916.216 |
| Item number |
SIM |
| Edition number |
22 |
| 100 1# - MAIN ENTRY--PERSONAL NAME |
| Personal name |
Sims, David, |
| Relator code |
author. |
| 9 (RLIN) |
6467 |
| 245 10 - TITLE STATEMENT |
| Title |
Understanding Cairo : |
| Remainder of title |
the logic of a city out of control / |
| Statement of responsibility, etc |
David Sims ; with a foreword by Janet Abu-Lughod. |
| 250 ## - EDITION STATEMENT |
| Edition statement |
First paperback edition. |
| 264 #1 - PUBLICATION, DISTRIBUTION, ETC. (IMPRINT) |
| Place of publication, distribution, etc |
Cairo ; |
| -- |
New York : |
| Name of publisher, distributor, etc |
The American University in Cairo Press, |
| Date of publication, distribution, etc |
2012. |
| 300 ## - PHYSICAL DESCRIPTION |
| Extent |
xxiii, 360 pages : |
| Other physical details |
illustrations, maps, plans ; |
| Dimensions |
23 cm |
| 336 ## - CONTENT TYPE |
| Content type term |
text |
| Content type code |
txt |
| Source |
rdacontent |
| 337 ## - MEDIA TYPE |
| Media type term |
unmediated |
| Media type code |
n |
| Source |
rdamedia |
| 338 ## - CARRIER TYPE |
| Carrier type term |
volume |
| Carrier type code |
nc |
| Source |
rdacarrier |
| 500 ## - GENERAL NOTE |
| General note |
"With a new Postscript: Revolutionary Cairo one year on"-- Cover. |
| 504 ## - BIBLIOGRAPHY, ETC. NOTE |
| Bibliography, etc |
Includes bibliographical references and index. |
| 505 0# - FORMATTED CONTENTS NOTE |
| Formatted contents note |
Imaging Cairo -- Cairo is Egypt and Egypt is Cairo -- A history of modern Cairo : three cities in one -- Informal Cairo triumphant -- Housing real and speculative -- The desert city today -- Working in the city -- City on the move : a complementary informality? -- Governing Cairo -- Summing up : serendipity? -- Postscript: revolutionary Cairo one year on. |
| 520 ## - SUMMARY, ETC. |
| Summary, etc |
Trying to make sense of the urban giant that is Cairo. "This book moves beyond superficial generalizations about Cairo as a chaotic metropolis in the developing world into an analysis of the ways the city's eighteen million inhabitants have, in the face of a largely neglectful government, built and shaped their own city. Using a wealth of recent studies on Greater Cairo and a deep reading of informal urban processes, the city and its recent history are portrayed and mapped: the huge, spontaneous neighborhoods; housing; traffic and transport; city government; and its people and their enterprises. The book argues that understanding a city such as Cairo is not a daunting task as long as pre-conceived notions are discarded and care is taken to apprehend available information and to assess it with a critical eye. In the case of Cairo, this approach leads to a conclusion that the city can be considered a kind of success story, in spite of everything" -- Cover. |
| 650 #7 - SUBJECT ADDED ENTRY--TOPICAL TERM |
| Topical term or geographic name as entry element |
Urbanization |
| Geographic subdivision |
Egypt |
| -- |
Cairo. |
| Source of heading or term |
BUEsh |
| 650 #7 - SUBJECT ADDED ENTRY--TOPICAL TERM |
| Topical term or geographic name as entry element |
Sociology, Urban |
| Geographic subdivision |
Egypt |
| -- |
Cairo. |
| Source of heading or term |
BUEsh |
| 650 #7 - SUBJECT ADDED ENTRY--TOPICAL TERM |
| Topical term or geographic name as entry element |
City planning |
| Geographic subdivision |
Egypt |
| -- |
Cairo. |
| Source of heading or term |
BUEsh |
| 651 #7 - SUBJECT ADDED ENTRY--GEOGRAPHIC NAME |
| Geographic name |
Cairo (Egypt) |
| General subdivision |
Description and travel. |
| Source of heading or term |
BUEsh |
| 653 ## - INDEX TERM--UNCONTROLLED |
| Resource For college |
BAEPS, Political Science |
| -- |
Generalities |
| Arrived date list |
March2020 |
| 655 ## - INDEX TERM--GENRE/FORM |
| Form subdivision |
Reading book |
| 9 (RLIN) |
34232 |
| 700 1# - ADDED ENTRY--PERSONAL NAME |
| Personal name |
Abu-Lughod, Janet L., |
| Relator term |
author of introduction, etc. |
| 856 41 - ELECTRONIC LOCATION AND ACCESS |
| Materials specified |
Table of contents only |
| Uniform Resource Identifier |
<a href="http://www.loc.gov/catdir/enhancements/fy1407/2012288479-t.html">http://www.loc.gov/catdir/enhancements/fy1407/2012288479-t.html</a> |
| 856 42 - ELECTRONIC LOCATION AND ACCESS |
| Materials specified |
Publisher description |
| Uniform Resource Identifier |
<a href="http://www.loc.gov/catdir/enhancements/fy1407/2012288479-d.html">http://www.loc.gov/catdir/enhancements/fy1407/2012288479-d.html</a> |
| 856 42 - ELECTRONIC LOCATION AND ACCESS |
| Materials specified |
Contributor biographical information |
| Uniform Resource Identifier |
<a href="http://www.loc.gov/catdir/enhancements/fy1407/2012288479-b.html">http://www.loc.gov/catdir/enhancements/fy1407/2012288479-b.html</a> |
| 942 ## - ADDED ENTRY ELEMENTS (KOHA) |
| Source of classification or shelving scheme |
Dewey Decimal Classification |
| Koha item type |
Book - Borrowing |